Caricamento...

Aithareyakaandam

Dettagli Bibliografici
Autore principale: Kakkanadan; Author
Natura: Printed Book
Pubblicazione: Kottayam, D C Books 2003
Serie:Kathaayanam
Soggetti:
LEADER 005760000a22002050004500
020 |a 81-264-0646-1 
040 |a MAL 
082 |a A301 KAK/AI P3 
100 |a Kakkanadan; Author 
245 |a Aithareyakaandam 
250
260 |a Kottayam, D C Books 
260 |c 2003 
460 |a 98p 
465 |a Rs.45.00 
490 |a Kathaayanam 
500 |a Kakkanadan 
650 |a Short stories, Malayalam 
999 |c 38886  |d 38886 
952 |0 0  |1 0  |4 0  |6 A_000000000000000_301_KAKAI_P3  |7 0  |8 MAL  |9 39413  |a MGUL  |b MGUL  |d 2013-07-16  |e Rs.45.00  |l 0  |o A301 KAK/AI P3  |p 37733  |r 2013-07-16  |w 2013-07-16  |y BK